000
00184nam a22000857a 4500
999
_c
65033
_d
65030
082
_a
297.3213
100
_a
مھمد زکریا
_a
ز ک ر
245
_a
فضاۂل سدقات
942
_c
BK